000
00461nam a2200169Ia 4500
008
090711s9999 xx 000 0 und d
082
_b
44462
100
_a
भागवत मधुराणी
245
_a
फुलोरा
260
_c
1982
300
_a
172
600
_a
भागवत मधुराणी
630
_a
फुलोरा
700
_a
भागवत मधुराणी
730
_a
फुलोरा
942
_c
BOOK
999
_c
296679
_d
296679